Precálculo /
Guardado en:
| Autor Principal: | |
|---|---|
| Otros Autores: | |
| Formato: | Libro |
| Idioma: | Spanish English |
| Publicado: |
[México] :
Cengage Learning,
c2012.
|
| Edición: | 8.ª ed. |
| Etiquetas: |
Agregar Etiqueta
Sin Etiquetas, Sea el primero en etiquetar este registro!
|
| LEADER | 01189nam a22002175a 4500 | ||
|---|---|---|---|
| 001 | MAT.inmabb006665 | ||
| 008 | 120821s2012####mx############001#0#spa#d | ||
| 005 | 20160321162841.0 | ||
| 245 | 1 | 0 | |a Precálculo / |c Ron Larson ; con la asistencia de David C. Falvo ; traducción, Jorge Humberto Romo Muñoz ; revisión técnica, Ernesto Filio López, Manuel Robles Bernal. |
| 250 | |a 8.ª ed. | ||
| 260 | |a [México] : |b Cengage Learning, |c c2012. | ||
| 300 | |a xi, 808, 211 p. : |b il. (algunas col.) ; |c 27 cm. | ||
| 500 | |a Traducción de: Precalculus. 8th ed. Brooks/Cole, Cengage Learning, c2011. | ||
| 505 | 0 | |a 1. Funciones y sus gráficas -- 2. Funciones racionales y polinomiales -- 3. Funciones exponenciales y logarítmicas -- 4. Trigonometría -- 5. Trigonometría analítica -- 6. Temas adicionales de trigonometría -- 7. Sistemas de ecuaciones y desigualdades -- 8. Matrices y determinantes -- 9. Sucesiones, series y probabilidad -- 10. Temas de geometría analítica. | |
| 020 | |a 9786074816136 | ||
| 100 | 1 | |a Larson, Ron, |d 1941- | |
| 240 | 1 | 0 | |a Precalculus. |l Español |
| 700 | 1 | |a Falvo, David C. | |
| 084 | |a 26-01 |2 msc2000 | ||
| 041 | 1 | |a spa |h eng | |
| 859 | |h 26 |i L334p-8 |p A-8775 |b BIB. MATEMATICA | ||
